01774nam a2200349   4500003000900000005001700009008004100026017001300067020001500080040004600095041000800141082002700149092000700176099003600183100002500219245012900244264008700373300002700460336002200487337002400509338003300533504006100566546010200627650004300729856005700772905001700829942001900846999001700865952018000882952018001062952018201242EG-GICUC20260121101052.0251027s1986    ua ||||fr|||| 00| 0 ara d  a19855500  a9770107352  a EG-GICUCbarac EG-GICUCd EG-GICUCerda0 aara04221a341.78bج م . م04221  aLaw1  11	341.78 ج م . م 19860 aجمال طه ندا12aالموظف الدولى :bدراسة مقارنة فى القانون الدولى الادارى /cجمال طه ندا 1aالقاهرة :bالهيئة المصرية العامة للكتاب :c1986.  a357؛صفحةc24 سم  2rda contentatext  2rda mediaaComputer  2rda carrieraOnline Resource  aيحتوي على ارجاعات ببليوجرافية
  aالنص أغلبه باللغة العربية مع بعض النصوص الإنجليزية1 aالتشريع - - تعاون دولي40uhttps://fll.law.cu.edu.eg/fulltext/bks/B11-06478.pdf  aRawan khaled  2ddcn0cBKe21  c37888d37888  00102ddc40718القانون الدولي العامaCUbLAW1d2025-10-27l0oLaw1  11	341.78 ج م . م 1986 1106478	C1pB11-06478r2025-10-27 11:02:49t1w2025-10-27yBK  00102ddc40708القانون الدولي العامaCUbLAW1d2025-11-10l0oLaw1  11	341.78 ج م . م 1986 1104674	C2pB11-04674r2025-11-10 15:57:15t2w2025-11-10yBK  00102ddc40708القانون الدولي العامaLAW2bLAW2d2026-04-12l0oLaw2  11	341.78 ج م . م 1986 1108263 C3pB11-08263r2026-04-12 12:06:16t3w2026-04-12yBK